Every Pokémon in Paldea, Kitakami and Blueberry Academy - Statistics

General Stats
  • This quiz has been taken 180 times
    174 since last reset
  • The average score is 987 of 1160
Answer Stats
Description Description Answer % Correct
Kitakami Alolan Geodude
97%
Blueberry Academy 96 Alolan Geodude
97%
Kitakami Alolan Golem
97%
Blueberry Academy 98 Alolan Golem
97%
Kitakami Alolan Graveler
97%
Blueberry Academy 97 Alolan Graveler
97%
Blueberry Academy 164 Bulbasaur
97%
Paldea 5 Crocalor
97%
Paldea 2 Floragato
97%
Paldea 4 Fuecoco
97%
Paldea Galarian Slowpoke
97%
Blueberry Academy 75 Galarian Slowpoke
97%
Kitakami 80 Geodude
97%
Kitakami 82 Golem
97%
Kitakami 81 Graveler
97%
Paldea 3 Meowscarada
97%
Paldea 7 Quaxly
97%
Paldea 6 Skeledirge
97%
Paldea 324 Slowpoke
97%
Paldea 1 Sprigatito
97%
Paldea Alolan Diglett
94%
Blueberry Academy 66 Alolan Diglett
94%
Paldea Alolan Dugtrio
94%
Blueberry Academy 67 Alolan Dugtrio
94%
Kitakami Alolan Vulpix
94%
Blueberry Academy 157 Alolan Vulpix
94%
Paldea 214 Arcanine
94%
Kitakami 79 Arcanine
94%
Blueberry Academy 174 Bayleef
94%
Blueberry Academy 172 Blastoise
94%
Blueberry Academy 187 Blaziken
94%
Kitakami 196 Bloodmoon Ursaluna
94%
Paldea Charizard
94%
Blueberry Academy 169 Charizard
94%
Paldea Charmander
94%
Blueberry Academy 167 Charmander
94%
Paldea Charmeleon
94%
Blueberry Academy 168 Charmeleon
94%
Blueberry Academy 173 Chikorita
94%
Kitakami 153 Clefable
94%
Kitakami 152 Clefairy
94%
Kitakami 151 Cleffa
94%
Paldea 54 Clodsire
94%
Blueberry Academy 186 Combusken
94%
Blueberry Academy 180 Croconaw
94%
Paldea Cyndaquil
94%
Blueberry Academy 176 Cyndaquil
94%
Paldea 77 Dachsbun
94%
Paldea 148 Diglett
94%
Paldea 348 Dragonair
94%
Paldea 349 Dragonite
94%
Paldea 347 Dratini
94%
Paldea 149 Dugtrio
94%
Paldea 179 Eevee
94%
Paldea 183 Espeon
94%
Blueberry Academy 181 Feraligatr
94%
Paldea 76 Fidough
94%
Paldea 291 Finizen
94%
Paldea 346 Flamigo
94%
Paldea 182 Flareon
94%
Paldea Galarian Slowbro
94%
Blueberry Academy 76 Galarian Slowbro
94%
Paldea Galarian Slowking
94%
Blueberry Academy 77 Galarian Slowking
94%
Paldea 64 Gardevoir
94%
Kitakami 59 Gardevoir
94%
Paldea 68 Gastly
94%
Kitakami 118 Gastly
94%
Paldea 70 Gengar
94%
Kitakami 120 Gengar
94%
Blueberry Academy 183 Grovyle
94%
Paldea 213 Growlithe
94%
Kitakami 78 Growlithe
94%
Paldea 135 Gyarados
94%
Kitakami 44 Gyarados
94%
Paldea 69 Haunter
94%
Kitakami 119 Haunter
94%
Paldea Hisuian Arcanine
94%
Kitakami Hisuian Arcanine
94%
Paldea Hisuian Growlithe
94%
Kitakami Hisuian Growlithe
94%
Paldea Hisuian Typhlosion
94%
Blueberry Academy Hisuian Typhlosion
94%
Paldea 59 Igglybuff
94%
Blueberry Academy 165 Ivysaur
94%
Paldea 60 Jigglypuff
94%
Paldea 181 Jolteon
94%
Paldea 63 Kirlia
94%
Kitakami 58 Kirlia
94%
Paldea 185 Leafeon
94%
Paldea 10 Lechonk
94%
Paldea 134 Magikarp
94%
Kitakami 43 Magikarp
94%
Blueberry Academy 189 Marshtomp
94%
Blueberry Academy 175 Meganium
94%
Paldea 114 Misdreavus
94%
Paldea 115 Mismagius
94%
Blueberry Academy 188 Mudkip
94%
Paldea 11 Oinkologne♀
94%
Paldea 11 Oinkologne♂
94%
Paldea 292 Palafin (Hero)
94%
Paldea 292 Palafin (Zero)
94%
Paldea 223 Paldean Tauros (Aqua Breed)
94%
Paldea 223 Paldean Tauros (Blaze Breed)
94%
Paldea 223 Paldean Tauros (Combat Breed)
94%
Paldea 53 Paldean Wooper
94%
Blueberry Academy 243 Pecharunt
94%
Paldea 9 Quaquaval
94%
Paldea 8 Quaxwell
94%
Paldea Quilava
94%
Blueberry Academy 177 Quilava
94%
Paldea 62 Ralts
94%
Kitakami 57 Ralts
94%
Blueberry Academy 184 Sceptile
94%
Paldea 261 Scizor
94%
Blueberry Academy 20 Scizor
94%
Paldea 260 Scyther
94%
Blueberry Academy 19 Scyther
94%
Paldea 325 Slowbro
94%
Paldea 326 Slowking
94%
Paldea 13 Spidops
94%
Blueberry Academy 170 Squirtle
94%
Blueberry Academy 190 Swampert
94%
Paldea 187 Sylveon
94%
Paldea 12 Tarountula
94%
Paldea Tauros
94%
Blueberry Academy 22 Tauros
94%
Paldea 215 Teddiursa
94%
Blueberry Academy 185 Torchic
94%
Blueberry Academy 179 Totodile
94%
Blueberry Academy 182 Treecko
94%
Paldea Typhlosion
94%
Blueberry Academy 178 Typhlosion
94%
Paldea Ursaluna
94%
Paldea 216 Ursaring
94%
Paldea 180 Vaporeon
94%
Blueberry Academy 166 Venusaur
94%
Kitakami 37 Vulpix
94%
Blueberry Academy 171 Wartortle
94%
Paldea 61 Wigglytuff
94%
Paldea Wooper
94%
Kitakami 5 Wooper
94%
Paldea Alolan Grimer
91%
Blueberry Academy 68 Alolan Grimer
91%
Paldea Alolan Meowth
91%
Paldea Alolan Muk
91%
Blueberry Academy 69 Alolan Muk
91%
Kitakami Alolan Ninetales
91%
Blueberry Academy 158 Alolan Ninetales
91%
Paldea Alolan Persian
91%
Paldea Alolan Raichu
91%
Kitakami Alolan Raichu
91%
Paldea 160 Annihilape
91%
Kitakami 101 Annihilape
91%
Kitakami 2 Ariados
91%
Paldea 290 Bombirdier
91%
Kitakami 134 Bombirdier
91%
Paldea Braixen
91%
Blueberry Academy 213 Braixen
91%
Blueberry Academy 225 Brionne
91%
Paldea 51 Buizel
91%
Paldea Chesnaught
91%
Blueberry Academy 211 Chesnaught
91%
Paldea Chespin
91%
Blueberry Academy 209 Chespin
91%
Kitakami Chimchar
91%
Blueberry Academy 194 Chimchar
91%
Paldea 330 Cloyster
91%
Paldea Dartrix
91%
Blueberry Academy 219 Dartrix
91%
Paldea Decidueye
91%
Blueberry Academy 220 Decidueye
91%
Paldea Delphox
91%
Blueberry Academy 214 Delphox
91%
Paldea 374 Dondozo
91%
Paldea 208 Electrode
91%
Blueberry Academy 205 Emboar
91%
Kitakami Empoleon
91%
Blueberry Academy 199 Empoleon
91%
Paldea Fennekin
91%
Blueberry Academy 212 Fennekin
91%
Paldea 52 Floatzel
91%
Paldea 379 Flutter Mane
91%
Paldea Froakie
91%
Blueberry Academy 215 Froakie
91%
Paldea Frogadier
91%
Blueberry Academy 216 Frogadier
91%
Paldea Galarian Meowth
91%
Paldea 65 Gallade
91%
Kitakami 60 Gallade
91%
Paldea 186 Glaceon
91%
Paldea 358 Glalie
91%
Kitakami 173 Glalie
91%
Paldea 56 Golduck
91%
Paldea 203 Grafaiai
91%
Paldea 311 Greavard
91%
Paldea Greninja
91%
Blueberry Academy 217 Greninja
91%
Paldea 194 Grimer
91%
Paldea 28 Gumshoos
91%
Paldea Hisuian Decidueye
91%
Blueberry Academy Hisuian Decidueye
91%
Paldea Hisuian Electrode
91%
Paldea Hisuian Voltorb
91%
Paldea 16 Hoppip
91%
Paldea 26 Houndoom
91%
Kitakami 124 Houndoom
91%
Paldea 25 Houndour
91%
Kitakami 123 Houndour
91%
Paldea 312 Houndstone
91%
Blueberry Academy 223 Incineroar
91%
Kitakami Infernape
91%
Blueberry Academy 196 Infernape
91%
Paldea 387 Iron Thorns
91%
Paldea 398 Iron Valiant
91%
Paldea 18 Jumpluff
91%
Paldea Kleavor
91%
Blueberry Academy 21 Kleavor
91%
Paldea 399 Koraidon
91%
Blueberry Academy 221 Litten
91%
Paldea 15 Lokix
91%
Paldea 95 Luxio
91%
Kitakami 110 Luxio
91%
Paldea 96 Luxray
91%
Kitakami 111 Luxray
91%
Paldea 158 Mankey
91%
Kitakami 99 Mankey
91%
Paldea 141 Meowth
91%
Paldea Mew
91%
Paldea Mewtwo
91%
Paldea 400 Miraidon
91%
Kitakami Monferno
91%
Blueberry Academy 195 Monferno
91%
Paldea 195 Muk
91%
Kitakami 38 Ninetales
91%
Paldea 14 Nymble
91%
Kitakami 200 Ogerpon
91%
Kitakami 200 Ogerpon (Cornerstone Mask)
91%
Kitakami 200 Ogerpon (Hearthflame Mask)
91%
Kitakami 200 Ogerpon (Wellspring Mask)
91%
Paldea 100 Oricorio (Baily Style)
91%
Kitakami 115 Oricorio (Baily Style)
91%
Blueberry Academy 74 Oricorio (Baily Style)
91%
Paldea 100 Oricorio (Pa'u Style)
91%
Kitakami 115 Oricorio (Pa'u Style)
91%
Blueberry Academy 74 Oricorio (Pa'u Style)
91%
Paldea 100 Oricorio (Pom-Pom Style)
91%
Kitakami 115 Oricorio (Pom-Pom Style)
91%
Blueberry Academy 74 Oricorio (Pom-Pom Style)
91%
Paldea 100 Oricorio (Sensu Style)
91%
Kitakami 115 Oricorio (Sensu Style)
91%
Blueberry Academy 74 Oricorio (Sensu Style)
91%
Paldea Oshawott
91%
Blueberry Academy 206 Oshawott
91%
Paldea 22 Pawmi
91%
Paldea 23 Pawmo
91%
Paldea 24 Pawmot
91%
Paldea 142 Persian
91%
Paldea 73 Pichu
91%
Kitakami 20 Pichu
91%
Blueberry Academy 204 Pignite
91%
Paldea 74 Pikachu
91%
Kitakami 21 Pikachu
91%
Blueberry Academy 224 Popplio
91%
Blueberry Academy 226 Primarina
91%
Paldea 159 Primeape
91%
Kitakami 100 Primeape
91%
Paldea 55 Psyduck
91%
Paldea Quagsire
91%
Kitakami 6 Quagsire
91%
Paldea Quilladin
91%
Blueberry Academy 210 Quilladin
91%
Paldea 75 Raichu
91%
Kitakami 22 Raichu
91%
Paldea Rowlet
91%
Blueberry Academy 218 Rowlet
91%
Paldea 329 Shellder
91%
Paldea 94 Shinx
91%
Kitakami 109 Shinx
91%
Paldea 202 Shroodle
91%
Paldea 17 Skiploom
91%
Paldea 357 Snorunt
91%
Kitakami 172 Snorunt
91%
Kitakami 1 Spinarak
91%
Paldea 204 Stantler
91%
Kitakami 53 Stantler
91%
Paldea 99 Staraptor
91%
Kitakami 30 Staraptor
91%
Paldea 98 Staravia
91%
Kitakami 29 Staravia
91%
Paldea 97 Starly
91%
Kitakami 28 Starly
91%
Paldea 375 Tatsugiri (Curly)
91%
Paldea 375 Tatsugiri (Droopy)
91%
Paldea 375 Tatsugiri (Stretchy)
91%
Blueberry Academy 203 Tepig
91%
Paldea 244 Toedscool
91%
Kitakami 74 Toedscool
91%
Paldea 245 Toedscruel
91%
Kitakami 75 Toedscruel
91%
Blueberry Academy 222 Torracat
91%
Paldea 184 Umbreon
91%
Paldea 207 Voltorb
91%
Paldea Walking Wake
91%
Blueberry Academy 241 Walking Wake
91%
Paldea 288 Wiglett
91%
Paldea 289 Wugtrio
91%
Paldea 27 Yungoos
91%
Blueberry Academy 4 Alolan Exeggutor
88%
Paldea 110 Appletun
88%
Kitakami 35 Appletun
88%
Paldea 108 Applin
88%
Kitakami 33 Applin
88%
Paldea 86 Arboliva
88%
Paldea 166 Armarouge
88%
Paldea Articuno
88%
Paldea 276 Bagon
88%
Paldea Basculegion♂
88%
Paldea Basculegion♀
88%
Kitakami 195 Basculegion♂
88%
Kitakami 195 Basculegion♀
88%
Kitakami 23 Bellsprout
88%
Paldea 368 Bisharp
88%
Kitakami 187 Bisharp
88%
Paldea 366 Braviary
88%
Blueberry Academy 33 Braviary
88%
Paldea 378 Brute Bonnet
88%
Paldea 250 Capsakid
88%
Paldea 167 Ceruledge
88%
Paldea 165 Charcadet
88%
Paldea 396 Chi-Yu
88%
Paldea Cinderace
88%
Blueberry Academy 232 Cinderace
88%
Kitakami 11 Corphish
88%
Kitakami 12 Crawdaunt
88%
Paldea 200 Dedenne
88%
Blueberry Academy 144 Dewgong
88%
Paldea Dewott
88%
Blueberry Academy 207 Dewott
88%
Kitakami 36 Dipplin
88%
Paldea 212 Ditto
88%
Paldea 85 Dolliv
88%
Paldea 123 Donphan
88%
Paldea Drizzile
88%
Blueberry Academy 234 Drizzile
88%
Paldea 189 Dudunsparce (Three-Segment)
88%
Kitakami 161 Dudunsparce (Three-Segment)
88%
Paldea 189 Dudunsparce (Two-Segment)
88%
Kitakami 161 Dudunsparce (Two-Segment)
88%
Paldea 188 Dunsparce
88%
Kitakami 160 Dunsparce
88%
Kitakami 140 Dusclops
88%
Kitakami 141 Dusknoir
88%
Kitakami 139 Duskull
88%
Blueberry Academy 11 Electabuzz
88%
Blueberry Academy 12 Electivire
88%
Blueberry Academy 10 Elekid
88%
Paldea 264 Espathra
88%
Blueberry Academy 4 Exeggutor
88%
Kitakami 199 Fezandipiti
88%
Paldea 20 Fletchinder
88%
Blueberry Academy 88 Fletchinder
88%
Paldea 19 Fletchling
88%
Blueberry Academy 87 Fletchling
88%
Paldea 263 Flittle
88%
Paldea 359 Froslass
88%
Kitakami 174 Froslass
88%
Paldea 127 Gabite
88%
Kitakami 165 Gabite
88%
Paldea Galarian Articuno
88%
Paldea Galarian Moltres
88%
Kitakami Galarian Weezing
88%
Paldea Galarian Zapdos
88%
Paldea 128 Garchomp
88%
Kitakami 166 Garchomp
88%
Paldea 392 Gholdengo
88%
Paldea 126 Gible
88%
Kitakami 164 Gible
88%
Paldea 391 Gimmighoul (Chest)
88%
Paldea 391 Gimmighoul (Roaming)
88%
Paldea 192 Girafarig
88%
Blueberry Academy 25 Girafarig
88%
Paldea 174 Goodra
88%
Kitakami 180 Goodra
88%
Paldea 172 Goomy
88%
Kitakami 178 Goomy
88%
Blueberry Academy 236 Gouging Fire
88%
Paldea 376 Great Tusk
88%
Paldea Grookey
88%
Blueberry Academy 227 Grookey
88%
Kitakami Grotle
88%
Blueberry Academy 192 Grotle
88%
Paldea 262 Heracross
88%
Kitakami 49 Heracross
88%
Paldea Hisuian Braviary
88%
Blueberry Academy Hisuian Braviary
88%
Paldea Hisuian Goodra
88%
Kitakami Hisuian Goodra
88%
Paldea Hisuian Lilligant
88%
Kitakami Hisuian Lilligant
88%
Paldea Hisuian Samurott
88%
Blueberry Academy Hisuian Samurott
88%
Paldea Hisuian Sliggoo
88%
Kitakami Hisuian Sliggoo
88%
Blueberry Academy Ho-Oh
88%
Blueberry Academy 163 Hydrapple
88%
Paldea Inteleon
88%
Blueberry Academy 235 Inteleon
88%
Paldea 383 Iron Bundle
88%
Paldea 384 Iron Hands
88%
Paldea Iron Leaves
88%
Blueberry Academy 242 Iron Leaves
88%
Paldea 386 Iron Moth
88%
Paldea 382 Iron Treads
88%
Kitakami 131 Jangmo-o
88%
Paldea 178 Kilowattrel
88%
Paldea 369 Kingambit
88%
Kitakami 188 Kingambit
88%
Paldea 249 Klawf
88%
Kitakami 135 Koffing
88%
Paldea 274 Larvesta
88%
Paldea 316 Larvitar
88%
Paldea 105 Lilligant
88%
Kitakami 67 Lilligant
88%
Blueberry Academy Lugia
88%
Paldea 90 Lycanroc (Dusk)
88%
Kitakami 71 Lycanroc (Dusk)
88%
Paldea 90 Lycanroc (Midday)
88%
Kitakami 71 Lycanroc (Midday)
88%
Paldea 90 Lycanroc (Midnight)
88%
Kitakami 71 Lycanroc (Midnight)
88%
Blueberry Academy 13 Magby
88%
Blueberry Academy 14 Magmar
88%
Blueberry Academy 15 Magmortar
88%
Paldea 72 Maushold (Family of Four)
88%
Kitakami 98 Maushold (Family of Four)
88%
Paldea 72 Maushold (Family of Three)
88%
Kitakami 98 Maushold (Family of Three)
88%
Paldea Moltres
88%
Kitakami 198 Munkidori
88%
Kitakami 197 Okidogi
88%
Paldea 313 Oranguru
88%
Paldea 201 Pachirisu
88%
Kitakami 63 Pachirisu
88%
Paldea 323 Palossand
88%
Paldea 314 Passimian
88%
Paldea 367 Pawniard
88%
Kitakami 186 Pawniard
88%
Paldea 104 Petilil
88%
Kitakami 66 Petilil
88%
Paldea 122 Phanpy
88%
Blueberry Academy 47 Pikipek
88%
Kitakami Piplup
88%
Blueberry Academy 197 Piplup
88%
Kitakami 39 Poliwag
88%
Kitakami 40 Poliwhirl
88%
Kitakami 41 Poliwrath
88%
Kitakami Prinplup
88%
Blueberry Academy 198 Prinplup
88%
Paldea 317 Pupitar
88%
Paldea Raboot
88%
Blueberry Academy 231 Raboot
88%
Blueberry Academy 237 Raging Bolt
88%
Blueberry Academy 6 Rhydon
88%
Blueberry Academy 5 Rhyhorn
88%
Blueberry Academy 7 Rhyperior
88%
Paldea Rillaboom
88%
Blueberry Academy 229 Rillaboom
88%
Paldea 397 Roaring Moon
88%
Paldea 89 Rockruff
88%
Kitakami 70 Rockruff
88%
Paldea 365 Rufflet
88%
Blueberry Academy 32 Rufflet
88%
Paldea 278 Salamence
88%
Paldea Samurott
88%
Blueberry Academy 208 Samurott
88%
Paldea 322 Sandygast
88%
Paldea 381 Sandy Shocks
88%
Paldea Scorbunny
88%
Blueberry Academy 230 Scorbunny
88%
Paldea 251 Scovillain
88%
Paldea 377 Scream Tail
88%
Blueberry Academy 202 Serperior
88%
Blueberry Academy 201 Servine
88%
Paldea 277 Shelgon
88%
Paldea 173 Sliggoo
88%
Kitakami 179 Sliggoo
88%
Paldea 84 Smoliv
88%
Blueberry Academy 200 Snivy
88%
Paldea Sobble
88%
Blueberry Academy 233 Sobble
88%
Paldea 21 Talonflame
88%
Blueberry Academy 89 Talonflame
88%
Paldea 71 Tandemaus
88%
Kitakami 97 Tandemaus
88%
Blueberry Academy 240 Terapagos (Normal)
88%
Blueberry Academy 240 Terapagos (Stellar)
88%
Blueberry Academy 240 Terapagos (Terastal)
88%
Paldea Thwackey
88%
Blueberry Academy 228 Thwackey
88%
Kitakami Torterra
88%
Blueberry Academy 193 Torterra
88%
Blueberry Academy 49 Toucannon
88%
Blueberry Academy 48 Trumbeak
88%
Kitakami Turtwig
88%
Blueberry Academy 191 Turtwig
88%
Paldea 318 Tyranitar
88%
Paldea 257 Venomoth
88%
Blueberry Academy 9 Venomoth
88%
Paldea 256 Venonat
88%
Blueberry Academy 8 Venonat
88%
Kitakami 25 Victreebel
88%
Paldea 275 Volcarona
88%
Kitakami 24 Weepinbell
88%
Kitakami 136 Weezing
88%
Paldea 393 Wo-Chien
88%
Paldea Wyrdeer
88%
Kitakami Wyrdeer
88%
Kitakami 3 Yanma
88%
Kitakami 4 Yanmega
88%
Paldea Zapdos
88%
Paldea 353 Abomasnow
85%
Blueberry Academy 160 Abomasnow
85%
Kitakami Alolan Sandshrew
85%
Blueberry Academy 155 Alolan Sandshrew
85%
Kitakami Alolan Sandslash
85%
Blueberry Academy 156 Alolan Sandslash
85%
Paldea 103 Ampharos
85%
Kitakami 19 Arbok
85%
Paldea 389 Arctibax
85%
Paldea 364 Avalugg
85%
Paldea 168 Barboach
85%
Kitakami 162 Barboach
85%
Paldea 138 Basculin (Blue Striped
85%
Paldea 138 Basculin (Red Striped)
85%
Paldea Basculin (White Striped
85%
Kitakami 194 Basculin (White Striped)
85%
Paldea 390 Baxcalibur
85%
Paldea 363 Bergmite
85%
Paldea 45 Blissey
85%
Blueberry Academy 18 Blissey
85%
Paldea 87 Bonsly
85%
Kitakami 83 Bonsly
85%
Paldea 107 Breloom
85%
Paldea Calyrex
85%
Paldea Calyrex (Ice Rider)
85%
Paldea Calyrex (Shadow Rider)
85%
Paldea 44 Chansey
85%
Blueberry Academy 17 Chansey
85%
Paldea 394 Chien-Pao
85%
Paldea 42 Corviknight
85%
Paldea 41 Corvisquire
85%
Paldea Cresselia
85%
Paldea 355 Cubchoo
85%
Blueberry Academy 153 Cubchoo
85%
Paldea 295 Cyclizar
85%
Blueberry Academy Dawn Wings Necrozma
85%
Paldea 190 Deerling (Autumn)
85%
Blueberry Academy 38 Deerling (Autumn)
85%
Paldea 190 Deerling (Spring)
85%
Blueberry Academy 38 Deerling (Spring)
85%
Paldea 190 Deerling (Summer)
85%
Blueberry Academy 38 Deerling (Summer)
85%
Paldea 190 Deerling (Winter)
85%
Blueberry Academy 38 Deerling (Winter)
85%
Blueberry Academy Deoxys (Attack)
85%
Blueberry Academy Deoxys (Defense)
85%
Blueberry Academy Deoxys (Normal)
85%
Blueberry Academy Deoxys (Speed)
85%
Blueberry Academy 1 Doduo
85%
Paldea 338 Dragalge
85%
Blueberry Academy Dusk Mane Necrozma
85%
Kitakami 18 Ekans
85%
Blueberry Academy Entei
85%
Blueberry Academy 3 Exeggcute
85%
Paldea 193 Farigiraf
85%
Blueberry Academy 26 Farigiraf
85%
Kitakami 158 Feebas
85%
Paldea 102 Flaaffy
85%
Paldea 145 Flabébé (Blue Flower)
85%
Paldea 145 Flabébé (Orange Flower)
85%
Paldea 145 Flabébé (Red Flower)
85%
Paldea 145 Flabébé (White Flower)
85%
Paldea 145 Flabébé (Yellow Flower)
85%
Paldea 109 Flapple
85%
Kitakami 34 Flapple
85%
Paldea 146 Floette (Blue Flower)
85%
Paldea 146 Floette (Orange Flower)
85%
Paldea 146 Floette (Red Flower)
85%
Paldea 146 Floette (White Flower)
85%
Paldea 146 Floette (Yellow Flower)
85%
Paldea 147 Florges (Blue Flower)
85%
Paldea 147 Florges (Orange Flower)
85%
Paldea 147 Florges (Red Flower)
85%
Paldea 147 Florges (White Flower)
85%
Paldea 147 Florges (Yellow Flower)
85%
Paldea 247 Fomantis
85%
Kitakami 31 Fomantis
85%
Paldea 259 Forretress
85%
Paldea 131 Garganacl
85%
Paldea Giratina (Altered)
85%
Paldea Giratina (Origin)
85%
Paldea 308 Glimmet
85%
Kitakami 156 Glimmet
85%
Paldea 309 Glimmora
85%
Kitakami 157 Glimmora
85%
Blueberry Academy 63 Gloom
85%
Paldea 30 Greedent
85%
Kitakami 73 Greedent
85%
Kitakami 132 Hakamo-o
85%
Paldea 43 Happiny
85%
Blueberry Academy 16 Happiny
85%
Paldea 117 Hariyama
85%
Paldea Hisuian Avalugg
85%
Paldea Hisuian Qwilfish
85%
Blueberry Academy 146 Hisuian Qwilfish
85%
Paldea Hisuian Zoroark
85%
Paldea Hisuian Zorua
85%
Blueberry Academy 94 Hitmonchan
85%
Blueberry Academy 93 Hitmonlee
85%
Blueberry Academy 95 Hitmontop
85%
Paldea 285 Impidimp
85%
Kitakami 190 Impidimp
85%
Blueberry Academy 238 Iron Boulder
85%
Blueberry Academy 239 Iron Crown
85%
Paldea 385 Iron Jugulis
85%
Paldea Kubfu
85%
Paldea Kyogre
85%
Paldea 164 Lucario
85%
Kitakami 65 Lucario
85%
Blueberry Academy Lunala
85%
Paldea 248 Lurantis
85%
Kitakami 32 Lurantis
85%
Paldea 209 Magnemite
85%
Blueberry Academy 116 Magnemite
85%
Paldea 210 Magneton
85%
Blueberry Academy 117 Magneton
85%
Paldea 211 Magnezone
85%
Blueberry Academy 118 Magnezone
85%
Paldea 116 Makuhita
85%
Kitakami 128 Mandibuzz
85%
Blueberry Academy 35 Mandibuzz
85%
Paldea 344 Mareanie
85%
Paldea 101 Mareep
85%
Paldea 50 Masquerain
85%
Kitakami 150 Masquerain
85%
Kitakami 159 Milotic
85%
Kitakami 95 Morpeko (Full Belly)
85%
Kitakami 95 Morpeko (Hangry)
85%
Kitakami 102 Munchlax
85%
Paldea 129 Nacli
85%
Paldea 130 Naclstack
85%
Blueberry Academy Necrozma
85%
Paldea 303 Noibat
85%
Kitakami 88 Noibat
85%
Paldea 304 Noivern
85%
Kitakami 89 Noivern
85%
Blueberry Academy 62 Oddish
85%
Paldea Overqwil
85%
Blueberry Academy 147 Overqwil
85%
Paldea Palkia
85%
Paldea Palkia (Origin)
85%
Paldea 133 Pelipper
85%
Paldea Perrserker
85%
Paldea 258 Pineco
85%
Kitakami 76 Poltchageist (Artisan)
85%
Kitakami 76 Poltchageist (Counterfeit)
85%
Paldea 331 Qwilfish
85%
Paldea 255 Rabsca
85%
Blueberry Academy 31 Rabsca
85%
Paldea Rayquaza
85%
Blueberry Academy Reshiram
85%
Paldea 163 Riolu
85%
Kitakami 64 Riolu
85%
Paldea 40 Rookidee
85%
Paldea 310 Rotom
85%
Blueberry Academy 41 Rotom
85%
Paldea 310 Rotom (Fan)
85%
Blueberry Academy 41 Rotom (Fan)
85%
Paldea 310 Rotom (Frost)
85%
Blueberry Academy 41 Rotom (Frost)
85%
Paldea 310 Rotom (Heat)
85%
Blueberry Academy 41 Rotom (Heat)
85%
Paldea 310 Rotom (Mow)
85%
Blueberry Academy 41 Rotom (Mow)
85%
Paldea 310 Rotom (Wash)
85%
Blueberry Academy 41 Rotom (Wash)
85%
Kitakami 116 Sandshrew
85%
Kitakami 117 Sandslash
85%
Paldea 191 Sawsbuck (Autumn)
85%
Blueberry Academy 39 Sawsbuck (Autumn)
85%
Paldea 191 Sawsbuck (Spring)
85%
Blueberry Academy 39 Sawsbuck (Spring)
85%
Paldea 191 Sawsbuck (Summer)
85%
Blueberry Academy 39 Sawsbuck (Summer)
85%
Paldea 191 Sawsbuck (Winter)
85%
Blueberry Academy 39 Sawsbuck (Winter)
85%
Paldea 35 Scatterbug
85%
Blueberry Academy 143 Seel
85%
Paldea 106 Shroomish
85%
Kitakami 77 Sinistcha (Masterpiece)
85%
Kitakami 77 Sinistcha (Unremarkable)
85%
Paldea 337 Skrelp
85%
Paldea 29 Skwovet
85%
Kitakami 72 Skwovet
85%
Paldea 230 Sneasel
85%
Kitakami 170 Sneasel
85%
Paldea Sneasler
85%
Kitakami Sneasler
85%
Kitakami 103 Snorlax
85%
Paldea 352 Snover
85%
Blueberry Academy 159 Snover
85%
Blueberry Academy Solgaleo
85%
Paldea Spectrier
85%
Paldea 36 Spewpa
85%
Paldea 113 Squawkabilly (Blue Plumage)
85%
Paldea 113 Squawkabilly (Green Plumage)
85%
Paldea 113 Squawkabilly (White Plumage)
85%
Paldea 113 Squawkabilly (Yellow Plumage)
85%
Paldea 88 Sudowoodo
85%
Kitakami 84 Sudowoodo
85%
Blueberry Academy Suicune
85%
Paldea 32 Sunflora
85%
Paldea 31 Sunkern
85%
Paldea 49 Surskit
85%
Kitakami 149 Surskit
85%
Blueberry Academy 50 Tentacool
85%
Blueberry Academy 51 Tentacruel
85%
Paldea 395 Ting-Lu
85%
Paldea 279 Tinkatink
85%
Paldea 281 Tinkaton
85%
Paldea 280 Tinkatuff
85%
Paldea 345 Toxapex
85%
Paldea 198 Toxel
85%
Paldea 199 Toxtricity (Amped Up)
85%
Paldea 199 Toxtricity (Low-Key)
85%
Paldea Urshifu (Rapid Stike Style)
85%
Paldea Urshifu (Single Strike Style)
85%
Paldea 373 Veluza
85%
Blueberry Academy 64 Vileplume
85%
Paldea 37 Vivillon (Archipelago Pattern)
85%
Paldea 37 Vivillon (Continental Pattern)
85%
Paldea 37 Vivillon (Elegant Pattern)
85%
Paldea 37 Vivillon (Fancy Pattern)
85%
Paldea 37 Vivillon (Garden Pattern)
85%
Paldea 37 Vivillon (High Plains Pattern)
85%
Paldea 37 Vivillon (Icy Snow Pattern)
85%
Paldea 37 Vivillon (Jungle Pattern)
85%
Paldea 37 Vivillon (Marine Pattern)
85%
Paldea 37 Vivillon (Meadow Pattern)
85%
Paldea 37 Vivillon (Modern Pattern)
85%
Paldea 37 Vivillon (Monsoon Pattern)
85%
Paldea 37 Vivillon (Ocean Pattern)
85%
Paldea 37 Vivillon (Poké Ball Pattern)
85%
Paldea 37 Vivillon (Polar Pattern)
85%
Paldea 37 Vivillon (River Pattern)
85%
Paldea 37 Vivillon (Sandstorm Pattern)
85%
Paldea 37 Vivillon (Savanna Pattern)
85%
Paldea 37 Vivillon (Sun Pattern)
85%
Paldea 37 Vivillon (Tundra Pattern)
85%
Kitakami 127 Vullaby
85%
Blueberry Academy 34 Vullaby
85%
Paldea 177 Wattrel
85%
Paldea 231 Weavile
85%
Kitakami 171 Weavile
85%
Paldea 169 Whiscash
85%
Kitakami 163 Whiscash
85%
Paldea 132 Wingull
85%
Paldea Zacian (Crowned Sword)
85%
Paldea Zacian (Hero of Many Battles)
85%
Paldea Zamazenta (Crowned Shield)
85%
Paldea Zamazenta (Hero of Many Battles)
85%
Paldea 217 Zangoose
85%
Blueberry Academy 70 Zangoose
85%
Paldea 229 Zoroark
85%
Paldea 228 Zorua
85%
Kitakami 47 Aipom
82%
Paldea 336 Alomomola
82%
Blueberry Academy 85 Alomomola
82%
Kitakami 48 Ambipom
82%
Paldea 206 Amoonguss
82%
Paldea Arceus
82%
Paldea 48 Azumarill
82%
Paldea 46 Azurill
82%
Paldea 137 Barraskewda
82%
Kitakami 91 Barraskewda
82%
Paldea 356 Beartic
82%
Blueberry Academy 154 Beartic
82%
Blueberry Academy 137 Beldum
82%
Blueberry Academy 65 Bellossom
82%
Paldea 81 Bounsweet
82%
Paldea 152 Camerupt
82%
Blueberry Academy 126 Camerupt
82%
Paldea Carbink
82%
Kitakami 167 Carbink
82%
Paldea 362 Cetitan
82%
Paldea 361 Cetoddle
82%
Kitakami 113 Charjabug
82%
Paldea 339 Clauncher
82%
Paldea 340 Clawitzer
82%
Blueberry Academy 58 Comfey
82%
Blueberry Academy Cosmoem
82%
Blueberry Academy Cosmog
82%
Paldea 175 Croagunk
82%
Kitakami 16 Cutiefly
82%
Kitakami Darkrai
82%
Paldea 370 Deino
82%
Paldea Dialga
82%
Paldea Dialga (Origin)
82%
Blueberry Academy 2 Dodrio
82%
Paldea 66 Drowzee
82%
Paldea 342 Eelektrik
82%
Kitakami 176 Eelektrik
82%
Blueberry Academy 135 Eelektrik
82%
Paldea 343 Eelektross
82%
Kitakami 177 Eelektross
82%
Blueberry Academy 136 Eelektross
82%
Paldea 205 Foongus
82%
Paldea 388 Frigibax
82%
Paldea 351 Frosmoth
82%
Kitakami 27 Furret
82%
Paldea Glastrier
82%
Paldea 222 Gogoat
82%
Paldea 234 Gothita
82%
Blueberry Academy 101 Gothita
82%
Paldea 235 Gothorita
82%
Blueberry Academy 102 Gothorita
82%
Paldea 287 Grimmsnarl
82%
Kitakami 192 Grimmsnarl
82%
Paldea Groudon
82%
Kitakami 112 Grubbin
82%
Paldea 282 Hatenna
82%
Kitakami 92 Hatenna
82%
Paldea 284 Hatterene
82%
Kitakami 94 Hatterene
82%
Paldea 283 Hattrem
82%
Kitakami 93 Hattrem
82%
Paldea 301 Hawlucha
82%
Paldea 265 Hippopotas
82%
Paldea 266 Hippowdon
82%
Paldea Hisuian Sneasel
82%
Kitakami Hisuian Sneasel
82%
Paldea 233 Honchkrow
82%
Paldea Hoopa (Confined)
82%
Paldea Hoopa (Unbound)
82%
Kitakami 45 Hoothoot
82%
Paldea 372 Hydreigon
82%
Paldea 67 Hypno
82%
Kitakami Jirachi
82%
Kitakami 133 Kommo-o
82%
Paldea 268 Krokorok
82%
Blueberry Academy 28 Krokorok
82%
Paldea 269 Krookodile
82%
Blueberry Academy 29 Krookodile
82%
Blueberry Academy Kyurem
82%
Blueberry Academy Kyurem (Black)
82%
Blueberry Academy Kyurem (White)
82%
Blueberry Academy 145 Lapras
82%
Paldea 224 Litleo
82%
Blueberry Academy 36 Litleo
82%
Paldea 332 Luvdisc
82%
Blueberry Academy 82 Luvdisc
82%
Kitakami 145 Magcargo
82%
Paldea Magearna
82%
Kitakami Manaphy
82%
Paldea 47 Marill
82%
Paldea 162 Medicham
82%
Paldea 161 Meditite
82%
Blueberry Academy 139 Metagross
82%
Blueberry Academy 138 Metang
82%
Kitakami 137 Mienfoo
82%
Kitakami 138 Mienshao
82%
Kitakami 8 Mightyena
82%
Paldea 286 Morgrem
82%
Kitakami 191 Morgrem
82%
Paldea 272 Mudbray
82%
Kitakami 129 Mudbray
82%
Paldea 273 Mudsdale
82%
Kitakami 130 Mudsdale
82%
Paldea 232 Murkrow
82%
Kitakami 46 Noctowl
82%
Paldea 151 Numel
82%
Blueberry Academy 125 Numel
82%
Kitakami Phione
82%
Paldea 238 Polteageist (Antique)
82%
Blueberry Academy 128 Polteageist (Antique)
82%
Paldea 238 Polteageist (Phony)
82%
Blueberry Academy 128 Polteageist (Phony)
82%
Kitakami 7 Poochyena
82%
Paldea 225 Pyroar
82%
Blueberry Academy 37 Pyroar
82%
Blueberry Academy Raikou
82%
Paldea 254 Rellor
82%
Blueberry Academy 30 Rellor
82%
Paldea 294 Revavroom
82%
Kitakami 17 Ribombee
82%
Paldea 297 Sableye
82%
Paldea 267 Sandile
82%
Blueberry Academy 27 Sandile
82%
Kitakami 26 Sentret
82%
Paldea 218 Seviper
82%
Blueberry Academy 71 Seviper
82%
Kitakami Shaymin (Land)
82%
Kitakami Shaymin (Sky)
82%
Paldea 221 Skiddo
82%
Paldea 80 Slaking
82%
Blueberry Academy 61 Slaking
82%
Paldea 78 Slakoth
82%
Blueberry Academy 59 Slakoth
82%
Paldea 380 Slither Wing
82%
Kitakami 144 Slugma
82%
Paldea 350 Snom
82%
Paldea 82 Steenee
82%
Paldea 176 Toxicroak
82%
Paldea 83 Tsareena
82%
Paldea 341 Tynamo
82%
Kitakami 175 Tynamo
82%
Blueberry Academy 134 Tynamo
82%
Blueberry Academy 92 Tyrogue
82%
Paldea 293 Varoom
82%
Paldea 79 Vigoroth
82%
Blueberry Academy 60 Vigoroth
82%
Kitakami 114 Vikavolt
82%
Blueberry Academy Zekrom
82%
Paldea 371 Zweilous
82%
Paldea 220 Altaria
79%
Blueberry Academy 115 Altaria
79%
Paldea 136 Arrokuda
79%
Kitakami 90 Arrokuda
79%
Paldea 171 Bellibolt
79%
Blueberry Academy 23 Blitzle
79%
Paldea 252 Cacnea
79%
Paldea 253 Cacturne
79%
Paldea 57 Chewtle
79%
Kitakami 183 Chewtle
79%
Paldea 93 Coalossal
79%
Blueberry Academy 56 Cottonee
79%
Paldea 119 Crabominable
79%
Blueberry Academy 73 Crabominable
79%
Paldea 118 Crabrawler
79%
Blueberry Academy 72 Crabrawler
79%
Kitakami 185 Cramorant
79%
Kitakami 185 Cramorant (Gorging)
79%
Kitakami 185 Cramorant (Gulping)
79%
Paldea 360 Cryogonal
79%
Paldea Diancie
79%
Paldea 58 Drednaw
79%
Kitakami 184 Drednaw
79%
Paldea 144 Drifblim
79%
Paldea 143 Drifloon
79%
Blueberry Academy 99 Drilbur
79%
Paldea Eternatus
79%
Blueberry Academy 100 Excadrill
79%
Blueberry Academy 46 Flygon
79%
Kitakami 121 Gligar
79%
Kitakami 122 Gliscor
79%
Paldea 236 Gothitelle
79%
Blueberry Academy 103 Gothitelle
79%
Paldea 112 Grumpig
79%
Kitakami 126 Grumpig
79%
Paldea Heatran
79%
Paldea 240 Klefki
79%
Paldea 197 Mabosstiff
79%
Paldea Magearna (Original Color)
79%
Paldea 196 Maschiff
79%
Paldea 239 Mimikyu (Busted)
79%
Kitakami 189 Mimikyu (Busted)
79%
Paldea 239 Mimikyu (Disguised)
79%
Kitakami 189 Mimikyu (Disguised)
79%
Kitakami 42 Politoed
79%
Blueberry Academy 129 Porygon
79%
Blueberry Academy 130 Porygon2
79%
Blueberry Academy 131 Porygon-Z
79%
Paldea Regieleki
79%
Blueberry Academy Regigigas
79%
Blueberry Academy Regirock
79%
Paldea 91 Rolycoly
79%
Paldea 120 Salandit
79%
Kitakami 168 Salandit
79%
Paldea 121 Salazzle
79%
Kitakami 169 Salazzle
79%
Paldea 237 Sinistea (Antique)
79%
Blueberry Academy 127 Sinistea (Antique)
79%
Paldea 237 Sinistea (Phony)
79%
Blueberry Academy 127 Sinistea (Phony)
79%
Paldea 111 Spoink
79%
Kitakami 125 Spoink
79%
Paldea 319 Stonjourner
79%
Paldea 219 Swablu
79%
Blueberry Academy 114 Swablu
79%
Paldea 170 Tadbulb
79%
Blueberry Academy 44 Trapinch
79%
Blueberry Academy 45 Vibrava
79%
Paldea Volcanion
79%
Blueberry Academy 57 Whimsicott
79%
Blueberry Academy 24 Zebstrika
79%
Blueberry Academy 43 Alcremie (Caramel Swirl)
76%
Blueberry Academy 43 Alcremie (Lemon Cream)
76%
Blueberry Academy 43 Alcremie (Matcha Cream)
76%
Blueberry Academy 43 Alcremie (Mint Cream)
76%
Blueberry Academy 43 Alcremie (Rainbow Swirl)
76%
Blueberry Academy 43 Alcremie (Ruby Cream)
76%
Blueberry Academy 43 Alcremie (Ruby Swirl)
76%
Blueberry Academy 43 Alcremie (Salted Cream)
76%
Blueberry Academy 43 Alcremie (Vanilla Cream)
76%
Blueberry Academy 91 Araquanid
76%
Blueberry Academy 162 Archaludon
76%
Paldea 155 Axew
76%
Blueberry Academy 140 Axew
76%
Paldea 299 Banette
76%
Paldea 243 Brambleghast
76%
Paldea 242 Bramblin
76%
Paldea 92 Carkol
76%
Kitakami 148 Chandelure
76%
Blueberry Academy 78 Chinchou
76%
Paldea 38 Combee
76%
Kitakami 87 Conkeldurr
76%
Paldea 125 Copperajah
76%
Paldea 124 Cufant
76%
Blueberry Academy 90 Dewpider
76%
Blueberry Academy 149 Duosion
76%
Blueberry Academy 161 Duraludon
76%
Paldea 320 Eiscue (Ice Face)
76%
Paldea 320 Eiscue (Noise Face)
76%
Paldea Enamorus (Incarnate)
76%
Paldea Enamorus (Therian)
76%
Paldea 333 Finneon
76%
Blueberry Academy 83 Finneon
76%
Blueberry Academy 133 Galvantula
76%
Paldea 328 Gastrodon (East Sea)
76%
Paldea 328 Gastrodon (West Sea)
76%
Blueberry Academy 123 Golett
76%
Blueberry Academy 124 Golurk
76%
Blueberry Academy 152 Granbull
76%
Kitakami 86 Gurdurr
76%
Paldea 157 Haxorus
76%
Blueberry Academy 142 Haxorus
76%
Kitakami 10 Illumise
76%
Paldea 241 Indeedee♀
76%
Paldea 241 Indeedee♂
76%
Kitakami 193 Indeedee♀
76%
Kitakami 193 Indeedee♂
76%
Blueberry Academy 132 Joltik
76%
Paldea 33 Kricketot
76%
Kitakami 61 Kricketot
76%
Paldea 34 Kricketune
76%
Kitakami 62 Kricketune
76%
Kitakami 147 Lampent
76%
Paldea Landorus (Incarnate)
76%
Paldea Landorus (Therian)
76%
Blueberry Academy 79 Lanturn
76%
Blueberry Academy Latias
76%
Blueberry Academy Latios
76%
Kitakami 146 Litwick
76%
Paldea 334 Lumineon
76%
Blueberry Academy 84 Lumineon
76%
Paldea Meloetta (Aria)
76%
Paldea Meloetta (Pirouette)
76%
Blueberry Academy 42 Milcery
76%
Blueberry Academy 106 Minior (Blue Core)
76%
Blueberry Academy 106 Minior (Green Core)
76%
Blueberry Academy 106 Minior (Indigo Core)
76%
Blueberry Academy 106 Minior (Meteor)
76%
Blueberry Academy 106 Minior (Orange Core)
76%
Blueberry Academy 106 Minior (Red Core)
76%
Blueberry Academy 106 Minior (Violet Core)
76%
Blueberry Academy 106 Minior (Yellow Core)
76%
Blueberry Academy 120 Minun
76%
Kitakami 107 Nosepass
76%
Paldea 321 Pincurchin
76%
Blueberry Academy 119 Plusle
76%
Kitakami 108 Probopass
76%
Blueberry Academy Regice
76%
Paldea Regidrago
76%
Blueberry Academy Registeel
76%
Blueberry Academy 150 Reuniclus
76%
Paldea 327 Shellos (East Sea)
76%
Paldea 327 Shellos (West Sea)
76%
Paldea 298 Shuppet
76%
Paldea 227 Skuntank
76%
Blueberry Academy 151 Snubbull
76%
Blueberry Academy 148 Solosis
76%
Paldea 226 Stunky
76%
Blueberry Academy Terrakion
76%
Paldea Thundurus (Incarnate)
76%
Paldea Thundurus (Therian)
76%
Kitakami 85 Timburr
76%
Paldea 150 Torkoal
76%
Blueberry Academy 86 Torkoal
76%
Paldea Tornadus (Incarnate)
76%
Paldea Tornadus (Therian)
76%
Paldea 39 Vespiquen
76%
Blueberry Academy Virizion
76%
Kitakami 9 Volbeat
76%
Paldea Zarude
76%
Paldea Zarude (Dada)
76%
Paldea Azelf
73%
Blueberry Academy 110 Bastiodon
73%
Paldea 154 Bronzong
73%
Kitakami 155 Bronzong
73%
Paldea 153 Bronzor
73%
Kitakami 154 Bronzor
73%
Paldea 335 Bruxish
73%
Blueberry Academy 55 Bruxish
73%
Blueberry Academy 112 Cinccino
73%
Blueberry Academy Cobalion
73%
Blueberry Academy 107 Cranidos
73%
Paldea 307 Dragapult
73%
Paldea 306 Drakloak
73%
Paldea 305 Dreepy
73%
Kitakami 181 Ducklett
73%
Paldea 156 Fraxure
73%
Blueberry Academy 141 Fraxure
73%
Paldea 139 Gulpin
73%
Blueberry Academy 80 Inkay
73%
Blueberry Academy Keldeo (Ordinary)
73%
Blueberry Academy Keldeo (Resolute)
73%
Kitakami 15 Leavanny
73%
Blueberry Academy 81 Malamar
73%
Kitakami 52 Mamoswine
73%
Paldea Mesprit
73%
Blueberry Academy 111 Minccino
73%
Kitakami 68 Phantump
73%
Kitakami 51 Piloswine
73%
Blueberry Academy 108 Rampardos
73%
Kitakami 13 Sewaddle
73%
Blueberry Academy 109 Shieldon
73%
Paldea 302 Spiritomb
73%
Kitakami 14 Swadloon
73%
Paldea 140 Swalot
73%
Kitakami 182 Swanna
73%
Kitakami 50 Swinub
73%
Kitakami 69 Trevenant
73%
Paldea 246 Tropius
73%
Paldea Uxie
73%
Kitakami 143 Chimecho
70%
Paldea 354 Delibird
70%
Paldea 300 Falinks
70%
Blueberry Academy 52 Horsea
70%
Blueberry Academy 54 Kingdra
70%
Kitakami 55 Nuzleaf
70%
Paldea 296 Orthworm
70%
Kitakami 96 Orthworm
70%
Paldea 271 Sandaconda
70%
Blueberry Academy 53 Seadra
70%
Kitakami 54 Seedot
70%
Kitakami 56 Shiftry
70%
Paldea 270 Silicobra
70%
Blueberry Academy 113 Skarmory
70%
Blueberry Academy 40 Smeargle
70%
Kitakami 142 Chingling
67%
Paldea 315 Komala
67%
Kitakami 105 Lombre
67%
Kitakami 104 Lotad
67%
Kitakami 106 Ludicolo
67%
Blueberry Academy 122 Scrafty
64%
Blueberry Academy 121 Scraggy
64%
Blueberry Academy 104 Espurr
61%
Blueberry Academy 105 Meowstic♀
61%
Blueberry Academy 105 Meowstic♂
61%
No matching quizzes found
Score Distribution
Percent of People with Each Score
Percentile by Number Answered
Your Score History
You have not taken this quiz since the last reset